Normal view
MARC view
- REESE, GEORGE
Entry Personal Name
001 - CONTROL NUMBER
- control field: 86832
003 - CONTROL NUMBER IDENTIFIER
- control field: NUST
005 - DATE AND TIME OF LATEST TRANSACTION
- control field: 20211220105715.0
008 - FIXED-LENGTH DATA ELEMENTS
- fixed length control field: 211220|| aca||aabn | a|a d
040 ## - CATALOGING SOURCE
- Original cataloging agency: NUST
- Transcribing agency: NUST
100 ## - HEADING--PERSONAL NAME
- Personal name: REESE, GEORGE
670 ## - SOURCE DATA FOUND
- Source citation: Work cat.: (NUST): REESE, GEORGE., CLOUD APPLICATION ARCHITECTURES /, 2009.
